| 000 | 00761nam a2200253Ia 4500 | ||
|---|---|---|---|
| 003 | OSt | ||
| 005 | 20220918165545.0 | ||
| 006 | a|||||r|||| 00| 0 | ||
| 007 | ta | ||
| 008 | 220917b |||||||| |||| 00| 0 eng d | ||
| 020 |
_a8131209393 (pbk) _c495 |
||
| 024 | _a242,400 | ||
| 037 |
_b17, 24/06/2010, Ane Books India _cTextual |
||
| 040 |
_aARTS _cARTS _beng |
||
| 041 |
_2eng _aeng |
||
| 082 | _a2:(D65,8(B)):8, P7(2D) | ||
| 245 | 0 | _aInformation and knowledge management | |
| 260 |
_aOxford _bPergamon Flexible Learning UK _c2005 |
||
| 300 |
_axiv,98p. _ccm. |
||
| 490 | _aManagement extra | ||
| 650 | _aLIBRARY SCIENCE | ||
| 942 |
_h2:(D65,8(B)):8, P7(2D) _cTEXL _2CC |
||
| 999 |
_c130379 _d130379 |
||